| 000 | 00591nam a2200217 4500 | ||
|---|---|---|---|
| 005 | 20150622120658.0 | ||
| 007 | 000 | ||
| 008 | 000 | ||
| 020 | _a1873701322 | ||
| 040 | _aUOEL | ||
| 050 |
_aSD387.C68 _bF84 1993 |
||
| 100 | _aFuller R.J. | ||
| 245 |
_aCoppiced woodlands : _btheir management for wildlife / _cR.J.Fuller and M.S.Warren |
||
| 250 | _a2nd ed. | ||
| 260 |
_aGreat Britain : _bJoint Nature Conservation Committee , _cc1993. |
||
| 300 |
_a34 p, ; _bill., maps |
||
| 500 | _aIncludes bibliographies | ||
| 650 | _aCoppiced woodlands | ||
| 700 | _aWarren M.S. | ||
| 942 |
_2lcc _cLL |
||
| 999 |
_c10598 _d10598 |
||